| 000 -LEADER | |
|---|---|
| fixed length control field | 00450nam a22001457a 4500 |
| 005 - DATE AND TIME OF LATEST TRANSACTION | |
| control field | 20210907123751.0 |
| 008 - FIXED-LENGTH DATA ELEMENTS--GENERAL INFORMATION | |
| fixed length control field | 171205b xxu||||| |||| 00| 0 eng d |
| 041 ## - LANGUAGE CODE | |
| Language code of text/sound track or separate title | eng |
| 082 ## - DEWEY DECIMAL CLASSIFICATION NUMBER | |
| Classification number | 622.42 |
| 100 ## - MAIN ENTRY--AUTHOR NAME | |
| Personal name | MITRA, S.N. |
| 245 ## - TITLE STATEMENT | |
| Title | QUESTION, BANK FOR ONLINE COAL MINE MANAGERS CERTIFICATE EXAMINATION ON MINE MANEGEMENT, LEGISLATION AND GENERAL SAFETY |
| Statement of responsibility, etc | S.N. MITRA |
| 260 ## - PUBLICATION, DISTRIBUTION, ETC. (IMPRINT) | |
| Place of publication | DHANBAD |
| Name of publisher | GEETA BOOK STORE |
| 300 ## - PHYSICAL DESCRIPTION | |
| Number of Pages | 452p. |
| 942 ## - ADDED ENTRY ELEMENTS (KOHA) | |
| Koha item type | Books |
| Lost status | Damaged status | Collection code | Home library | Current library | Shelving location | Date acquired | Source of acquisition | Cost, normal purchase price | Full call number | Accession Number | Koha item type |
|---|---|---|---|---|---|---|---|---|---|---|---|
| MINING | JRU Library | JRU Library | SHELF-94-B | 05/12/2017 | PURCHESS | 500.00 | 622.42 | 22261 | Books | ||
| MINING | JRU Library | JRU Library | SHELF-94-B | 05/12/2017 | PURCHESS | 500.00 | 622.42 | 22262 | Books | ||
| MINING | JRU Library | SHELF-94-B | 05/12/2017 | PURCHESS | 500.00 | 622.42 | 22263 | Books |